| 000 | 00369nam a2200145Ia 4500 | ||
|---|---|---|---|
| 008 | 231217s9999 xx 000 0 und d | ||
| 041 | _aEnglish | ||
| 082 | _a001.6424 FAI | ||
| 100 | _aFairley, Richard E | ||
| 245 | 0 | _aSoftware engineering concepts | |
| 260 |
_c1985 _bMcGraw-Hill, _aNEW YORK |
||
| 300 | _axv+364 | ||
| 650 | _aSoftware engineering | ||
| 942 | _cAA | ||
| 999 |
_c173537 _d173537 |
||